Institut předsednictví Evropské unie - principy, problémy a reforma

Funkcia predsedníctva Európskej únie, jeho jednotlivé podoby a modely. Možnosti a limity tejto inštitúcie. Analýza možných rizík nového ústavného modelu. Vývoj predsedníctva ES (1950-1992). Reformy predsedníctva. Dôsledky reformného procesu a budúcnosť predsedníctva EU.

Salvato in:
Dettagli Bibliografici
Autore principale: Pitrová, Markéta
Altri autori: Kaniok, Petr
Natura: Capitolo di libro
Lingua:ceco
Soggetti:
Tags: Aggiungi Tag
Nessun Tag, puoi essere il primo ad aggiungerne!!

MARC

LEADER 00000naa$a2200000$$$4500
001 0033371
005 20231016100033.0
041 0 |a cze 
044 |a CZ 
245 1 0 |a Institut předsednictví Evropské unie - principy, problémy a reforma  |c Markéta Pitrová, Petr Kaniok 
520 |a Funkcia predsedníctva Európskej únie, jeho jednotlivé podoby a modely. Možnosti a limity tejto inštitúcie. Analýza možných rizík nového ústavného modelu. Vývoj predsedníctva ES (1950-1992). Reformy predsedníctva. Dôsledky reformného procesu a budúcnosť predsedníctva EU. 
610 2 0 |a Európska únia 
610 2 0 |a Európske spoločenstvá 
610 2 0 |a riadenie 
610 2 0 |a štruktúra riadenia 
610 2 0 |a zmluvy medzinárodné 
610 2 0 |a politika medzinárodná 
610 2 0 |a politika zahraničná 
610 2 0 |a reformy 
610 2 0 |a integrácia 
610 2 0 |a krajiny vyspelé 
100 1 |a Pitrová, Markéta 
700 1 |a Kaniok, Petr